[Event "BCF-chT3W 2324 (4NCL)"]
[Site "England"]
[Date "2024.03.10"]
[Round "8.21"]
[White "Grillage, Andrew"]
[Black "Airlie, Arran"]
[Result "1/2-1/2"]
[WhiteElo "2005"]
[BlackElo "1824"]
[PlyCount "105"]
[EventDate "2023.11.18"]
[EventType "team-tourn"]
[EventRounds "11"]
[EventCountry "ENG"]
[SourceTitle "EXT 2025"]
[Source "ChessBase"]
[SourceDate "2024.10.14"]
[SourceVersion "1"]
[SourceVersionDate "2024.10.14"]
[SourceQuality "1"]
[WhiteTeam "Shropshire and Friends"]
[BlackTeam "Sussex Martlets III"]
[WhiteTeamCountry "ENG"]
[BlackTeamCountry "ENG"]

1. d4 d5 2. Nf3 c5 3. c4 dxc4 4. e3 cxd4 5. exd4 Be6 6. Nc3 Nf6 7. Ne5 Nbd7 8. Nxc4 Bd5 9. Ne3 e6 10. Nexd5 Nxd5 11. Nxd5 exd5 12. a3 Be7 13. g3 0-0 14. Bg2 Qa5+ 15. Bd2 Qb5 16. Be3 Qxb2 17. 0-0 Nb6 18. a4 Rad8 19. Re1 Qb4 20. Qg4 Bf6 21. Reb1 Qe7 22. Bd2 Qd7 23. Qxd7 Rxd7 24. Be3 Nc4 25. Rb5 Rfd8 26. Rc1 b6 27. Bh3 Re7 28. Bg2 Red7 29. h4 g6 30. Bf1 Na5 31. Bh3 Rd6 32. Rb2 Nc4 33. Rbc2 Re8 34. Rc3 a6 35. Rb1 Nxe3 36. fxe3 Rb8 37. Rc7 b5 38. axb5 axb5 39. Rc5 b4 40. Bg2 b3 41. Rb2 Rb4 42. Kf1 Kg7 43. Bxd5 Rxd4 44. exd4 Bxd4 45. Rc6 Rxc6 46. Rxb3 Rc5 47. Bf3 Rc2 48. Bd5 Rf2+ 49. Ke1 Rf5 50. Bf3 Re5+ 51. Kf1 Re7 52. Kg2 f5 53. Rb7 1/2-1/2

[Event "BCF-chT4 2223 (4NCL)"]
[Site "England"]
[Date "2023.04.30"]
[Round "10.62"]
[White "Hariharan, Shambavi"]
[Black "Airlie, Arran"]
[Result "1/2-1/2"]
[WhiteElo "1659"]
[BlackElo "1792"]
[PlyCount "48"]
[EventDate "2022.11.05"]
[EventType "team-swiss"]
[EventRounds "11"]
[EventCountry "ENG"]
[SourceTitle "EXT 2024"]
[Source "ChessBase"]
[SourceDate "2023.10.10"]
[SourceVersion "1"]
[SourceVersionDate "2023.10.10"]
[SourceQuality "1"]
[WhiteTeam "Oxford III"]
[BlackTeam "Sussex Martlets III"]
[WhiteTeamCountry "ENG"]
[BlackTeamCountry "ENG"]

1. d4 Nf6 2. c4 e6 3. g3 d5 4. Nf3 dxc4 5. Bg2 c6 6. Ne5 Be7 7. 0-0 0-0 8. Nc3 a6 9. Nxc4 b5 10. Ne5 Qb6 11. a3 Ra7 12. Be3 Nd5 13. Nxd5 cxd5 14. b4 a5 15. bxa5 Rxa5 16. Qb3 Nc6 17. Nxc6 Qxc6 18. Bd2 Ra4 19. e3 Qa6 20. Rfb1 b4 21. Bf1 Qa7 22. Bxb4 Bxb4 23. Bb5 Rxa3 24. Rxa3 Qxa3 1/2-1/2